|
|
แสดงรายละเอียดบรรณานุกรม |
|
|
Brief Record
: Get Marc (ISO 2709)
: E-mail record
: |
| LEADER 00000nama 2200000uu 4500 | |||
| 001 185052 | |||
| 003 ULIBM | |||
| 008 040531s2533 th m m a000 0 tha d | |||
| 041 tha | |||
| 050 WY155 น426ก 2533 | |||
| 100 นันทา เล็กสวัสดิ์ | |||
| 245 การพยาบาลผู้ป่วยที่อยู่ในภาวะวิกฤติจากภาวะแทรกซ้อนเฉียบพลันของเบาหวานและต่อมธัยรอยด์เป็นพิษ/นันทา เล็ดสวัสดิ์ 001 | |||
| 260 เชียงใหม่ คณะพยาบาลศาสตร์ มหาวิทยาลัยเชียงใหม่ 2533 | |||
| 300 88 หน้า | |||
| 650 เบาหวาน--ภาวะแทรกซ้อน--การพยาบาล ต่อมธัยรอยด์เป็นพิษ--การพยาบาลชื่อเรื่อง | |||
| 998 1998-12-14 | |||
| คุณยังไม่ได้ล็อกอิน คุณสามารถมีกิจกรรมร่วมกับเว็บไซต์ได้ แต่ต้องล็อกอินก่อน :: |
|
| สถานะ | |||||||||
| 1. | หนังสือทั่วไป | WY155 น426ก 2533 | On Shelf ขอยืม | ||||||
| [แสดง 1/1 รายการ] | |||||||||
BibComment |
| คอมเมนท์ทรัพยากรรายการนี้ |
|
|